01710nam a22002057a 450000500170000000800410001704000290005804100080008708200120009510000210010724503000012826000580042830000310048650004140051750504490093150600210138060000450140165000420144665000160148820171201142009.0171201b1931 sp |||fr|||| 001 0 spa d cSandra YazodSandra Yazo aspa04220a9221 aVélez, Pedro M10aObservaciones al libro de Aubrey F. G. Bell sobre Fray Luis de León. b(Contribución a la biografía del teólogo-poeta y a la historia del Renacimiento y de la Inquisición española) ... Artículos publicados en la Revista agustiniana Religión y Cultura.cpor el P. Pedro M. Vélez aEl Escorial (España)bImprenta del monasterioc1931 a356 páginasc23 x 16 cm. aDetalles físicos: Encuadernación holandesa en cartón duro forrado en papel jaspeado. Lomo de tela texturizada con dorados en dorado. Guardas. Anteportada. Portada impresa en una sola tinta con un grabado, emblema agustiniano. Dedicatoria. Texto impreso en una columna. Notas de pie de página. Márgenes amplios. Erratas. Índice en verso de la guarda delantera anotación de donación por el autor0 aDedicatoria ; A guisa de Introducción ; España y el Renacimiento ; España y la Reforma ; La Universidad de Salamanca ; Infancia ; Años de estudiante ; Profesor de Salamanca ; En las celdas de la Inquisición ; Portus quietis ; Carácter e ideas ; Fr ; Luis de León poeta, prosista y pensador político: Fray Luis y Felipe II ; Cabos sueltos ; Resumen y Conclusión ; Observaciones de Mr. Bell a mi libro ; Comentarios a esas notas aConsulta en sala14aLeón, Luis ded1527-1591xBiografías 7aEscritores españoles xBiografías 7aTeólogos